| 000 | 01434nam a2200361 a 4500 | ||
|---|---|---|---|
| 001 | ebr10511557 | ||
| 003 | CaPaEBR | ||
| 006 | m u | ||
| 007 | cr cn||||||||| | ||
| 008 | 111213s2006 enka sb 001 0 eng d | ||
| 020 | _z1904752098 | ||
| 020 | _z9781904752097 | ||
| 020 | _z9781904752806 (e-book) | ||
| 040 |
_aCaPaEBR _cCaPaEBR |
||
| 035 | _a(OCoLC)666952217 | ||
| 050 | 1 | 4 |
_aRG103.5 _b.I86 2006eb |
| 100 | 1 | _aIsmail, Khaled M. K. | |
| 245 | 1 | 0 |
_aPsychological disorders in obstetrics and gynaecology for the MRCOG and beyond _h[electronic resource] / _cKhaled M.K. Ismail, Ilana Crome, P.M. Shaughn O'Brien. |
| 260 |
_aLondon : _bRCOG Press, _c2006. |
||
| 300 |
_ax, 102 p. : _bcol. ill. |
||
| 490 | 1 | _aMRCOG and beyond series | |
| 504 | _aIncludes bibliographical references and index. | ||
| 533 |
_aElectronic reproduction. _bPalo Alto, Calif. : _cebrary, _d2013. _nAvailable via World Wide Web. _nAccess may be limited to ebrary affiliated libraries. |
||
| 650 | 0 |
_aGynecology _xPsychological aspects. |
|
| 650 | 0 |
_aObstetrics _xPsychological aspects. |
|
| 650 | 0 |
_aWomen _xMental health. |
|
| 655 | 7 |
_aElectronic books. _2local |
|
| 700 | 1 | _aCrome, Ilana. | |
| 700 | 1 | _aO'Brien, P. M. Shaughn. | |
| 710 | 2 | _aebrary, Inc. | |
| 830 | 0 | _aMRCOG and beyond series. | |
| 856 | 4 | 0 |
_uhttp://site.ebrary.com/lib/rucke/Doc?id=10511557 _zAn electronic book accessible through the World Wide Web; click to view |
| 999 |
_c222588 _d222588 |
||